Zodpovednosť členských štátov Európskej únie za poskytovanie štátnej pomoci
Analýza zodpovednosti členských štátov Európskej únie za poskytovanie štátnej pomoci a povinnosti príjemcu pomoci vrátiť poskytnutú pomoc, ktorá nebola zlúčiteľná so zásadami vnútorného trhu Európskej únie.
Saved in:
| Main Author: | |
|---|---|
| Format: | Book Chapter |
| Language: | Slovak |
| Subjects: | |
| Tags: |
No Tags, Be the first to tag this record!
|
MARC
| LEADER | 00000naa a2200000 4500 | ||
|---|---|---|---|
| 001 | 0161114 | ||
| 005 | 20220519113516.4 | ||
| 041 | 0 | |a slo | |
| 044 | |a CZ | ||
| 245 | 1 | 0 | |a Zodpovednosť členských štátov Európskej únie za poskytovanie štátnej pomoci |c Nina Košecká |
| 520 | |a Analýza zodpovednosti členských štátov Európskej únie za poskytovanie štátnej pomoci a povinnosti príjemcu pomoci vrátiť poskytnutú pomoc, ktorá nebola zlúčiteľná so zásadami vnútorného trhu Európskej únie. | ||
| 610 | 2 | 0 | |a Európska únia |
| 610 | 2 | 0 | |a pomoc štátna |
| 610 | 2 | 0 | |a Európska komisia |
| 610 | 2 | 0 | |a trh spoločný |
| 610 | 2 | 0 | |a trh vnútorný |
| 100 | 1 | |a Košecká, Nina | |